Maadi. The pottery of the predynastic settlement / I:
المؤلفون الرئيسيون: ,
مؤلف مشترك:
التنسيق: كتاب
اللغة: English
منشور في:
Mainz am Rhein :
Verlag Philipp Von Zabern,
1987.
سلاسل:
Archäologische Veröffentlichungen (Deutsches Archäologisches Institut. Abteilung Kairo) ;
64.
ArchVer ;
64.
الموضوعات:
الوسوم: إضافة وسم
رقم الطلب: ( F )DT57 .D47 v.64
| LEADER | 01933cam a2200445Mi 4500 | ||
|---|---|---|---|
| 001 | ocn707411787 | ||
| 003 | OSt | ||
| 005 | 20240211130605.0 | ||
| 008 | 881006s1987 gw abf 000 0 eng d | ||
| 999 | |c 56698 |d 56698 | ||
| 020 | |a 3805309252 | ||
| 020 | |a 9783805309257 | ||
| 035 | |a (OCoLC)707411787 |z (OCoLC)59998089 |z (OCoLC)491444301 | ||
| 040 | |c ARCE Library | ||
| 043 | |a f-ua--- | ||
| 050 | 4 | |a ( F )DT57 .D47 v.64 | |
| 100 | 1 | |a Rizkana, Ibrahim, |e author | |
| 245 | 1 | 0 | |a Maadi. |n I: |b The pottery of the predynastic settlement / |c by Ibrahim Rizkana and Jürgen Seeher. |
| 246 | 3 | 0 | |a Pottery of the predynastic settlement. |
| 264 | 1 | |a Mainz am Rhein : |b Verlag Philipp Von Zabern, |c 1987. | |
| 264 | 4 | |c ©1987. | |
| 300 | |a 112 pages, 79, x pages of plates: |b illustrations, maps; |c 36 cm. | ||
| 490 | 1 | |a Archäologische Veröffentlichungen / Deutsches Archäologisches Institut. Abteilung Kairo ; |v 64. | |
| 500 | |a At head of title: Excavations at the predynastic site of Maadi and its cemeteries conducted by Mustapha Amer and Ibrahim Rizkana on behalf of the Department of Geography, Faculty of Arts of Cairo University 1930-1953. | ||
| 504 | |a Includes bibliographical reference. | ||
| 650 | 0 | |a Pottery, Egyptian. | |
| 650 | 7 | |a Antiquities. |2 fast |0 (OCoLC)fst00810745. | |
| 650 | 7 | |a Pottery, Egyptian. |2 fast |0 (OCoLC)fst01073720. | |
| 651 | 0 | |a Maʻādī Site (Egypt) | |
| 651 | 0 | |a Egypt |x Antiquities. | |
| 651 | 7 | |a Egypt. |2 fast |0 (OCoLC)fst01208755. | |
| 651 | 7 | |a Egypt |z Maʻādī Site. |2 fast |0 (OCoLC)fst01256441. | |
| 651 | 7 | |a Maadi (Égypte ; site archéologique) |2 ram. | |
| 700 | 1 | |a Seeher, Jürgen, |e author | |
| 710 | 2 | |a Jāmiʻat al-Qāhirah. |b Department of Geography. | |
| 740 | 0 | |a Pottery of the predynastic settlement. | |
| 830 | 0 | |a Archäologische Veröffentlichungen (Deutsches Archäologisches Institut. Abteilung Kairo) ; |v 64. | |
| 830 | 0 | |a ArchVer ; |v 64. | |
| 901 | |a reviewed | ||
| 942 | |2 lcc |c BK | ||
